[Event "GER-ch Net Amateur Gr-C Final"]
[Site "Playchess.com INT"]
[Date "2020.04.18"]
[Round "6"]
[White "Bone, Karin"]
[Black "Fernandez, Thomas"]
[Result "0-1"]
[WhiteElo "1310"]
[BlackElo "1515"]
[PlyCount "94"]
[EventDate "2020.04.18"]
[EventType "swiss (blitz)"]
[EventRounds "13"]
[EventCountry "GER"]
[SourceTitle "CBM 195 Extra"]
[Source "ChessBase"]
[SourceDate "2020.05.31"]
[SourceVersion "1"]
[SourceVersionDate "2020.05.31"]
[SourceQuality "1"]

1. e4 e6 2. d4 d5 3. Nc3 dxe4 4. Nxe4 Nc6 5. Nf3 Be7 6. Bb5 Bd7 7. d5 exd5 8. Qxd5 Nf6 9. Nxf6+ Bxf6 10. Qe4+ Qe7 11. Qxe7+ Bxe7 12. 0-0 0-0 13. Re1 Bd6 14. Bg5 f6 15. Bh4 Rfe8 16. h3 a6 17. Bxc6 Bxc6 18. Nd4 Bd7 19. a3 Kf7 20. Rad1 Rxe1+ 21. Rxe1 Re8 22. Rxe8 Kxe8 23. b4 Kf7 24. c4 Be5 25. Nf3 Bb2 26. a4 Bxa4 27. Nd2 Bc3 28. Ne4 Bxb4 29. Bg3 Ba5 30. Nc5 Bc6 31. Kf1 f5 32. f3 g5 33. Kf2 f4 34. Bh2 Bb6 35. Kf1 Bxc5 36. g3 Be3 37. gxf4 gxf4 38. Ke2 Ke6 39. Kd3 a5 40. Kc3 a4 41. Kb2 Kd6 42. Ka3 Kc5 43. h4 h5 44. Ka2 Kxc4 45. Ka3 b5 46. Ka2 b4 47. Kb2 a3+ 0-1

[Event "GER-ch Net Amateur Gr-C Final"]
[Site "Playchess.com INT"]
[Date "2020.04.18"]
[Round "7"]
[White "Bone, Karin"]
[Black "Winkler, Andreas"]
[Result "0-1"]
[WhiteElo "1310"]
[BlackElo "1544"]
[PlyCount "92"]
[EventDate "2020.04.18"]
[EventType "swiss (blitz)"]
[EventRounds "13"]
[EventCountry "GER"]
[SourceTitle "CBM 195 Extra"]
[Source "ChessBase"]
[SourceDate "2020.05.31"]
[SourceVersion "1"]
[SourceVersionDate "2020.05.31"]
[SourceQuality "1"]

1. e4 e5 2. Nf3 Nc6 3. Bc4 Bc5 4. d3 Nf6 5. Bg5 0-0 6. Nc3 Be7 7. 0-0 d6 8. h3 Be6 9. Bb3 h6 10. Bh4 Qd7 11. d4 Bxb3 12. axb3 Nh7 13. dxe5 Rad8 14. exd6 cxd6 15. Nd5 Bxh4 16. Nxh4 Ne5 17. Nf5 Ng6 18. Re1 Nf6 19. Nxf6+ gxf6 20. Nxd6 Qxd6 21. Qxd6 Rxd6 22. c3 Rfd8 23. Rxa7 R8d7 24. c4 Ne5 25. c5 Rd3 26. b4 Rb3 27. Rb1 Rxb4 28. c6 Nxc6 29. Ra8+ Kg7 30. f3 Nd4 31. Ra3 Nc2 32. Rc3 Nd4 33. Kh2 Ne2 34. Rc2 Nf4 35. b3 Ne6 36. Rbb2 h5 37. g4 h4 38. Rf2 Nf4 39. Rfc2 Rd3 40. Rc7 Rxf3 41. Rbc2 Rbxb3 42. Rd2 Rxh3+ 43. Kg1 Rb1+ 44. Kf2 Rg3 45. Rdd7 Rb2+ 46. Ke1 Rg1# 0-1

[Event "GER-ch Net Amateur Gr-C Final"]
[Site "Playchess.com INT"]
[Date "2020.04.18"]
[Round "11"]
[White "Cancedda, Bastian"]
[Black "Bone, Karin"]
[Result "1-0"]
[WhiteElo "1568"]
[BlackElo "1310"]
[PlyCount "35"]
[EventDate "2020.04.18"]
[EventType "swiss (blitz)"]
[EventRounds "13"]
[EventCountry "GER"]
[SourceTitle "CBM 195 Extra"]
[Source "ChessBase"]
[SourceDate "2020.05.31"]
[SourceVersion "1"]
[SourceVersionDate "2020.05.31"]
[SourceQuality "1"]

1. c4 e5 2. Nc3 Nf6 3. d3 Nc6 4. e4 Bb4 5. Nge2 h5 6. Bg5 d6 7. g3 Bg4 8. Bg2 Qd7 9. 0-0 0-0-0 10. f3 Nh7 11. Bxd8 Rxd8 12. fxg4 Qxg4 13. Nd5 Ng5 14. a3 Bc5+ 15. Kh1 Rh8 16. Nec3 h4 17. Qxg4+ Kb8 18. Qxg5 1-0

[Event "GER-ch Net Amateur Gr-C Vor3"]
[Site "Playchess.com INT"]
[Date "2020.04.16"]
[Round "4"]
[White "Bone, Karin"]
[Black "Brauckmann, Martin"]
[Result "1-0"]
[WhiteElo "1196"]
[BlackElo "1620"]
[PlyCount "33"]
[EventDate "2020.04.16"]
[EventType "swiss (blitz)"]
[EventRounds "9"]
[EventCountry "GER"]
[SourceTitle "CBM 195 Extra"]
[Source "ChessBase"]
[SourceDate "2020.05.31"]
[SourceVersion "1"]
[SourceVersionDate "2020.05.31"]
[SourceQuality "1"]

1. e4 e6 2. d4 d5 3. e5 c5 4. Nf3 Nc6 5. Nc3 Qb6 6. Bb5 cxd4 7. Nxd4 Bd7 8. Be3 Bc5 9. 0-0 Bxd4 10. Bxd4 Nxd4 11. Bxd7+ Kxd7 12. Re1 Qxb2 13. Ne2 Nxc2 14. Rb1 Qxe5 15. Qxc2 Rc8 16. Nc3 Nf6 17. Rxe5 1-0

[Event "GER-ch Net Amateur Gr-C Vor2"]
[Site "Playchess.com INT"]
[Date "2020.04.15"]
[Round "5"]
[White "Bone, Karin"]
[Black "Heutling, Thomas"]
[Result "0-1"]
[WhiteElo "1264"]
[BlackElo "1602"]
[PlyCount "70"]
[EventDate "2020.04.15"]
[EventType "swiss (blitz)"]
[EventRounds "9"]
[EventCountry "GER"]
[SourceTitle "CBM 196 Extra"]
[Source "ChessBase"]
[SourceDate "2020.07.31"]
[SourceVersion "1"]
[SourceVersionDate "2020.07.31"]
[SourceQuality "1"]

1. e4 d6 2. d4 Nf6 3. Nf3 Nxe4 4. Qe2 Nf6 5. Bf4 Nbd7 6. Nc3 c6 7. 0-0-0 b5 8. d5 Nxd5 9. Nxd5 cxd5 10. Rxd5 Ba6 11. Bxd6 Qb6 12. Bf4 e6 13. Rd4 Bc5 14. Rd3 b4 15. Rb3 Bxe2 16. Bxe2 0-0 17. Rd1 Rad8 18. c3 Bxf2 19. Rxb4 Be3+ 20. Bxe3 Qxe3+ 21. Kb1 Qxe2 22. Re1 Qxg2 23. Nd4 Qg6+ 24. Ka1 e5 25. Nc6 Rde8 26. Nxa7 e4 27. Nc6 e3 28. Nd4 Re4 29. Rb7 Qf5 30. Rb5 Qf2 31. Rc1 e2 32. Nxe2 Qxe2 33. Rb7 Qd2 34. Rb1 Re1 35. Rb5 Rxb1+ 0-1

[Event "GER-ch Net Amateur Gr-C Vor2"]
[Site "Playchess.com INT"]
[Date "2020.04.15"]
[Round "8"]
[White "Bone, Karin"]
[Black "Niese, Juergen"]
[Result "1-0"]
[WhiteElo "1215"]
[BlackElo "1043"]
[PlyCount "55"]
[EventDate "2020.04.15"]
[EventType "swiss (blitz)"]
[EventRounds "9"]
[EventCountry "GER"]
[SourceTitle "CBM 196 Extra"]
[Source "ChessBase"]
[SourceDate "2020.07.31"]
[SourceVersion "1"]
[SourceVersionDate "2020.07.31"]
[SourceQuality "1"]

1. e4 Nf6 2. Nc3 d6 3. d4 Nc6 4. Bb5 Bd7 5. Nf3 e5 6. d5 Ne7 7. h3 Bxb5 8. Nxb5 Nxe4 9. 0-0 c6 10. dxc6 Nxc6 11. Re1 Nf6 12. Nxd6+ Bxd6 13. Bg5 0-0 14. c3 Re8 15. Qb3 b6 16. Rad1 Qe7 17. Qc4 Nd8 18. a3 Ne6 19. Nxe5 Bxe5 20. Rxe5 Rac8 21. Qd3 h6 22. Bh4 g5 23. Bg3 Nh5 24. Bh2 Rcd8 25. Qe2 Rxd1+ 26. Qxd1 Qf6 27. Rd5 Nhf4 28. Bxf4 1-0

[Event "GER-ch Net Amateur Gr-C Vor1"]
[Site "Playchess.com INT"]
[Date "2020.04.14"]
[Round "2"]
[White "Bone, Karin"]
[Black "Franke, Hannes"]
[Result "1-0"]
[WhiteElo "1230"]
[BlackElo "1620"]
[PlyCount "51"]
[EventDate "2020.04.14"]
[EventType "swiss (blitz)"]
[EventRounds "9"]
[EventCountry "GER"]
[SourceTitle "CBM 196 Extra"]
[Source "ChessBase"]
[SourceDate "2020.07.31"]
[SourceVersion "1"]
[SourceVersionDate "2020.07.31"]
[SourceQuality "1"]

1. e4 c5 2. Nf3 d6 3. d4 cxd4 4. Nxd4 Nf6 5. Bc4 Nxe4 6. 0-0 e6 7. Bf4 e5 8. Nb5 exf4 9. Re1 Be7 10. Rxe4 d5 11. Bxd5 0-0 12. N1c3 a6 13. Nd4 Bg5 14. h3 Nd7 15. Nf5 Nf6 16. Ne7+ Kh8 17. Re5 Bh6 18. Qd4 Nd7 19. Re4 Nf6 20. Re5 g6 21. Rae1 Bg7 22. Nxc8 Nxd5 23. Qxd5 Bxe5 24. Rxe5 Qxc8 25. Qd4 Qc7 26. Rc5+ 1-0

[Event "GER-ch Net Amateur Gr-C Vor1"]
[Site "Playchess.com INT"]
[Date "2020.04.14"]
[Round "8"]
[White "Fleischmann, Theo"]
[Black "Bone, Karin"]
[Result "1-0"]
[WhiteElo "1368"]
[BlackElo "1282"]
[PlyCount "81"]
[EventDate "2020.04.14"]
[EventType "swiss (blitz)"]
[EventRounds "9"]
[EventCountry "GER"]
[SourceTitle "CBM 196 Extra"]
[Source "ChessBase"]
[SourceDate "2020.07.31"]
[SourceVersion "1"]
[SourceVersionDate "2020.07.31"]
[SourceQuality "1"]

1. d4 d5 2. c4 Nf6 3. cxd5 Qxd5 4. Nc3 Qa5 5. Bd2 e6 6. Ne4 Qb6 7. Nxf6+ gxf6 8. Bc3 Bb4 9. Nf3 Nc6 10. e3 e5 11. Bc4 Bg4 12. 0-0 0-0-0 13. d5 Ne7 14. h3 Bh5 15. e4 Bxc3 16. bxc3 f5 17. Rb1 Qa5 18. Qb3 b6 19. Nxe5 fxe4 20. Nc6 Nxc6 21. dxc6 Qg5 22. Bxf7 Bxf7 23. Qxf7 Rdf8 24. Qc4 e3 25. Qa6+ Kd8 26. Rbd1+ Ke8 27. Qc8+ Kf7 28. Qxc7+ Kg6 29. Rd6+ Kh5 30. c4 e2 31. Rd5 exf1Q+ 32. Kxf1 Rf5 33. Rxf5 Qxf5 34. Qd6 Rf8 35. f3 Qb1+ 36. Kf2 Qxa2+ 37. Ke3 Qxc4 38. Qe5+ Kg6 39. Qd6+ Kg7 40. Qe5+ Kg8 41. Qg5+ 1-0

[Event "GER-ch Net Amateur Gr-C Vor1"]
[Site "Playchess.com INT"]
[Date "2020.04.14"]
[Round "1"]
[White "Pflugbeil, Julian"]
[Black "Bone, Karin"]
[Result "1-0"]
[WhiteElo "1620"]
[BlackElo "1234"]
[PlyCount "69"]
[EventDate "2020.04.14"]
[EventType "swiss (blitz)"]
[EventRounds "9"]
[EventCountry "GER"]
[SourceTitle "CBM 196 Extra"]
[Source "ChessBase"]
[SourceDate "2020.07.31"]
[SourceVersion "1"]
[SourceVersionDate "2020.07.31"]
[SourceQuality "1"]

1. e4 e5 2. Nf3 Nc6 3. Bc4 Bc5 4. Nc3 Nf6 5. d3 h6 6. 0-0 0-0 7. Be3 Bb6 8. Qe2 d6 9. Rfe1 Bg4 10. Rad1 Re8 11. h3 Bh5 12. Nd5 Ba5 13. c3 a6 14. Nxf6+ Qxf6 15. b4 Bb6 16. Bxb6 cxb6 17. d4 a5 18. b5 Ne7 19. g4 Bxg4 20. hxg4 Qg6 21. Nh4 Qf6 22. Nf5 Nxf5 23. gxf5 Qg5+ 24. Kh1 Rac8 25. Bb3 Rxc3 26. f3 Qh4+ 27. Kg2 exd4 28. Rxd4 Rd8 29. Rc4 Rxc4 30. Qxc4 Qxe1 31. Qxf7+ Kh8 32. f6 Qe2+ 33. Kg3 Qe1+ 34. Kf4 Qd2+ 35. Kf5 1-0

[Event "GER-ch Net blitz qual2"]
[Site "Playchess.com INT"]
[Date "2020.03.16"]
[Round "1"]
[White "Ribbe, Juergen"]
[Black "Bone, Karin"]
[Result "1-0"]
[WhiteElo "1982"]
[BlackElo "1252"]
[PlyCount "73"]
[EventDate "2020.03.16"]
[EventType "swiss (blitz)"]
[EventRounds "9"]
[EventCountry "GER"]
[SourceTitle "CBM 195 Extra"]
[Source "ChessBase"]
[SourceDate "2020.05.31"]
[SourceVersion "1"]
[SourceVersionDate "2020.05.31"]
[SourceQuality "1"]

1. d4 d5 2. Nc3 Nf6 3. Nf3 Nc6 4. e3 Bf5 5. Bd3 e6 6. Bxf5 exf5 7. a3 Bd6 8. Qd3 Qd7 9. h3 0-0-0 10. Bd2 Rhe8 11. 0-0-0 g6 12. Kb1 Ne4 13. Rhf1 g5 14. Nxd5 Nxd2+ 15. Rxd2 Be7 16. Nxe7+ Rxe7 17. Nxg5 h6 18. Nf3 Rde8 19. g3 h5 20. h4 f6 21. Qc3 Nd8 22. Ng1 Ne6 23. Ne2 f4 24. Nxf4 Nxf4 25. gxf4 Qg4 26. d5 Qxh4 27. d6 Rd7 28. dxc7 Rxd2 29. Qxd2 Kxc7 30. Rd1 Kb8 31. Qd6+ Kc8 32. Qd7+ Kb8 33. Qxe8+ Kc7 34. Qe7+ Kc6 35. Qd7+ Kb6 36. Rd6+ Ka5 37. b4# 1-0